Student accommodation review 2006 (Record no. 105700)

MARC details
000 -LEADER
fixed length control field 01224cam a2200241 4500
001 - CONTROL NUMBER
control field ##L134493
008 - FIXED-LENGTH DATA ELEMENTS--GENERAL INFORMATION
fixed length control field 060810n2006 000 0 eng u
035 ## - SYSTEM CONTROL NUMBER
System control number (Sirsi) u134493
041 0# - LANGUAGE CODE
Language code of text/sound track or separate title eng
050 04 - LIBRARY OF CONGRESS CALL NUMBER
Classification number 332.6324 $2 18
110 2# - MAIN ENTRY--CORPORATE NAME
Corporate name or jurisdiction name as entry element Knight Frank
9 (RLIN) 1530
245 00 - TITLE STATEMENT
Title Student accommodation review 2006
260 ## - PUBLICATION, DISTRIBUTION, ETC.
Place of publication, distribution, etc. London
Name of publisher, distributor, etc. Knight Frank
Date of publication, distribution, etc. 2006
490 #0 - SERIES STATEMENT
Series statement Knight Frank Student Accommodation Review
Volume/sequential designation 2006
505 2# - FORMATTED CONTENTS NOTE
Formatted contents note Executive summary -- Investment criteria for the student accommodation sector -- Product typology -- Investment mechanisms -- Future trends -- Conclusions
520 ## - SUMMARY, ETC.
Summary, etc. Looks at opportunities in the sector and provides an analysis of returns from student accommodation compared with other property asset classes. Identifies the sector's strengths and weaknesses. Details the various methods of investment in the sector along with forecasts of future market trends. Graphs.
590 ## - LOCAL NOTE (RLIN)
Local note IKA220806
650 24 - SUBJECT ADDED ENTRY--TOPICAL TERM
Topical term or geographic name entry element KNIGHT FRANK STUDENT ACCOMMODATION REVIEW
651 #4 - SUBJECT ADDED ENTRY--GEOGRAPHIC NAME
Geographic name United Kingdom
Chronological subdivision
690 ## - LOCAL SUBJECT ADDED ENTRY--TOPICAL TERM (OCLC, RLIN)
Topical term or geographic name as entry element PROPERTY-RESIDENTIAL PROPERTY-RESIDENTIAL PROPERTY FINANCE AND INVESTMENT
856 40 - ELECTRONIC LOCATION AND ACCESS
Uniform Resource Identifier <a href="https://www.knightfrank.com/">https://www.knightfrank.com/</a>
Public note View the item free of charge at www.knightfrank.com...
942 ## - ADDED ENTRY ELEMENTS (KOHA)
Suppress in OPAC 0
Holdings
Withdrawn status Lost status Source of classification or shelving scheme Damaged status Not for loan Home library Current library Shelving location Date acquired Total Checkouts Full call number Barcode Date last seen Copy number Price effective from Koha item type
    Dewey Decimal Classification     Virtual Virtual Online 10/08/2006   ONLINE PUBLICATION 134493-1001 06/08/2019 1 06/08/2019 Book